000 00309nam a2200133Ia 4500
005 20251222152007.0
008 251222s9999||||xx |||||||||||||| ||spa||
020 _a8471420783
082 _a808.83/S37
245 0 _aBiblioteca de Selecciones
250 _a1ra.ed.
264 _bNovograph, S.A.
942 _cLIB
999 _c24759
_d24759